000 00808nam a2200193 a 4500
001 000035735
005 20200930074553.0
008 111109s1962 mx a 000 0 spa d
040 _aDO-SdBNP
_bspa
_cBNPHU
082 _axxxx
_bxxxx
245 0 0 _aMéxico, cincuenta años de revolución : :
_bIV. La cultura /
_cJaime Torres Bodet... [et al.].
260 _aMéxico :
_bFondo de Cultura Económica,
_c1962.
300 _axv, 635 p. :
_bil. ;
_c24 cm.
500 _aLa obra completa consta de 4 volumenes:La economía (v.1), La vida social (v.2), La política (v.3), La cultura (v.4).
590 _aPerteneció a la biblioteca personal de Juan Isidro Jimenes Grullón
651 0 _aMéxico
_xHistoria
_y1910-1946
_924481
651 0 _aMéxico
_xHistoria
_y1946-1970
_961674
700 1 _aTorres Bodet, Jaime
_961675
999 _c35226
_d35226